| 000 | 00561nam a2200217Ia 4500 | ||
|---|---|---|---|
| 003 | OSt | ||
| 005 | 20251027172904.0 | ||
| 008 | 210423s1999 xx 000 0 und d | ||
| 040 | _cAL | ||
| 041 | _aEnglish | ||
| 082 |
_a361.1 _bAHUS |
||
| 100 |
_aRam Ahuja _9101282 |
||
| 245 | _aSocial problems in india | ||
| 260 |
_aJaipur _bRawat Publications _c1999 |
||
| 300 |
_axii,508 _bHB |
||
| 365 |
_b650 _cINR |
||
| 650 |
_aSocial Problems _9101283 |
||
| 650 |
_aSocial Problems & Services _9101284 |
||
| 906 | _aindia ; problems ; Social | ||
| 942 |
_2ddc _cBK |
||
| 999 |
_c171663 _d171663 |
||